Gares desservies depuis la Gare de Nantes - Statistiques

Statistiques générales
  • Ce quiz a été pris 63 fois
    13 depuis la dernière actualisation
  • Le résultat moyen est 97 sur 149
Statistiques - réponses
Département Gare % Correct
(29) Brest
100%
(44) Clisson
100%
(17) La Rochelle Ville
100%
(85) La Roche sur Yon
100%
(44) Le Croisic
100%
(13) Marseille Saint-Charles
100%
(75) Paris Austerlitz
100%
(75) Paris Montparnasse
100%
(29) Quimper
100%
(35) Rennes
100%
(17) Saintes
100%
(44) Ancenis
83%
(49) Angers Saint-Laud
83%
(44) Batz-sur-Mer
83%
(41) Blois
83%
(44) Bouaye
83%
(18) Bourges
83%
(73) Chambéry - Challes-Les-Eaux
83%
(51) Champagne-Ardenne TGV
83%
(28) Chartres
83%
(44) Chateaubriant
83%
(44) Couëron
83%
(44) La Baule-Escoublac
83%
(44) La Baule-les-Pins
83%
(44) La Chapelle-Aulnay
83%
(44) La Chapelle Centre
83%
(44) La Chapelle Erdre-Active
83%
(53) Laval
83%
(72) Le Mans
83%
(44) Le Pouliguen
83%
(85) Luçon
83%
(69) Lyon Part-Dieu
83%
(69) Lyon Perrache
83%
(69) Lyon Saint-Exupéry TGV
83%
(91) Massy
83%
(34) Montpellier Sud-de-France
83%
(44) Nantes Babinière
83%
(44) Nantes Chantenay
83%
(44) Nantes Haluchères
83%
(44) Nort-sur-Erdre
83%
(44) Pornic
83%
(29) Quimperlé
83%
(17) Rochefort
83%
(72) Sablé-sur-Sarthe
83%
(44) Saint-Nazaire
83%
(44) Saint-Nazaire La Croix de Méan
83%
(44) Saint-Nazaire Penhöet
83%
(44) Saint-Sébastien Frene-Rond
83%
(44) Saint-Sébastien Pas-Enchantés
83%
(44) Savenay
83%
(67) Strasbourg
83%
(78) Versailles Chantiers
83%
(18) Vierzon
83%
(95) Aéroport Paris-Charles de Gaulle TGV
67%
(37) Amboise
67%
(56) Auray
67%
(84) Avignon
67%
(33) Bordeaux Saint-Jean
67%
(73) Bourg-Saint-Maurice
67%
(85) Challans
67%
(49) Champtocé-sur-Loire
67%
(49) Cholet
67%
(38) Grenoble
67%
(49) Ingrandes - Le-Fresne-sur-Loire
67%
(44) La Bernerie en Retz
67%
(85) Les Sables-d'Olonne
67%
(59) Lille Europe
67%
(56) Lorient
67%
(57) Lorraine TGV
67%
(44) Mauves-sur-Loire
67%
(41) Mer
67%
(03) Moulins-sur-Allier
67%
(73) Moûtiers - Salins - Brides-les-Bains
67%
(58) Nevers
67%
(30) Nîmes
67%
(30) Nîmes Pont-du-Gard
67%
(45) Orléans
67%
(44) Oudon
67%
(44) Pontchâteau
67%
(44) Pornichet
67%
(35) Redon
67%
(44) Rezé Pont-Rousseau
67%
(29) Rosporden
67%
(44) Sainte-Pazanne
67%
(85) Saint-Gilles-Croix-de-Vie
67%
(44) Saint-Hilaire-de-Chaléons
67%
(85) Saint-Hilaire-de-Riez
67%
(73) Saint-Jean-de-Maurienne - Arvan
67%
(37) Saint-Pierre-des-Corps
67%
(49) Saumur Rive Droite
67%
(44) Sucé-Sur-Erdre
67%
(80) TGV Haute-Picardie
67%
(44) Thouaré
67%
(37) Tours
67%
(26) Valence TGV
67%
(56) Vannes
67%
(44) Varades-Saint-Florent-le-Vieil
67%
(44) Vertou
67%
(35) Vitré
67%
(44) Abbaretz
50%
(45) Beaugency
50%
(44) Bourgneuf en Retz
50%
N/A Bruxelles Midi
50%
(44) Donges
50%
(44) Gorges
50%
(56) Hennebont
50%
(44) Issé
50%
(17) Jonzac
50%
(91) Juvisy
50%
(49) La Possonnière
50%
(44) Le Cellier
50%
(44) Le Pallet
50%
(45) Les Aubrais
50%
(85) L'Herbergement - Les Brouzils
50%
(44) Machecoul
50%
(77) Marne la Vallée-Chessy
50%
(45) Meung-sur-Loire
50%
(55) Meuse TGV
50%
(85) Montaigu
50%
(44) Montoir-de-Bretagne
50%
(85) Olonne-sur-Mer
50%
(94) Orly - Pont de Rungis
50%
(44) Port-Saint-Père
50%
(56) Questembert
50%
(42) Roanne
50%
(73) Saint-Avre - La Chambre
50%
(44) Saint-Etienne-de-Montluc
50%
(73) Saint-Michel - Valloire
50%
(49) Savennieres - Béhuard
50%
(73) Albertville
33%
(44) Basse-Indre
33%
(44) Cordemais
33%
(44) Dreffeac
33%
(85) La Mothe-Achard
33%
(72) La Suze
33%
(44) Les Moutiers
33%
(03) Saint-Germain-des-Fossés
33%
(44) Saint-Gildas-des-Bois
33%
(44) Severac
33%
(49) Torfou
33%
(85) Belleville Vendée
17%
(49) Boussay la Bruffière
17%
(74) Cluses
17%
(85) Cugand
17%
(44) La Haie-Fouassière
17%
(49) La Menitré
17%
(41) Onzain
17%
(37) Langeais
0%
(37) Port-Boulet
0%
Aucun quiz correspondant
Distribution des résultats
% des personnes avec chaque résultat
Percentile par nombre de réponses
Votre historique - résultats
Vous n’avez pas pris ce quiz depuis la dernière actualisation